Culture Générale - Série 1242 - Statistiques

Statistiques générales
  • Ce quiz a été pris 94 fois
  • Le résultat moyen est 6 sur 10
Statistiques - réponses
Question Réponse % Correct
Quelle saison débute le 20 ou 21 mars dans l'hémisphère Nord ? printemps
100%
Quel mot italien désigne une sauce accompagnant les pâtes, à base d'oeuf, de crème fraîche, de lardons et de fromage ? carbonara
89%
Quels astres sont les "géantes rouges" et les "naines blanches" ? étoiles
82%
La cérémonie annuelle créée en 1987 qui récompense les professionnels du théâtre est la nuit des ... Molières
81%
Dans quel pays peut-on visiter le site archéologique de Carthage ? Tunisie
70%
Quel animal est Gai-Luron, le personnage de bande dessinée crée par Marcel Gotlib ? chien
64%
Dans quelle série télé des années 1980 un détective privé assure-t-il la sécurité du domaine de Robin Masters à Hawaii ? Magnum
45%
Dans "Le Monde de Nemo", comment se nomme le papa du petit poisson-clown ? Marin
27%
Dans quelle ancienne ville de Mésopotamie Alexandre le Grand est-il mort ? Babylone
26%
Dans quelle comédie de Molière, de 1664, rencontre-ton les personnages d'Orgon et Elmire ? Tartuffe
26%
Aucun quiz correspondant
Distribution des résultats
% des personnes avec chaque résultat
Percentile par nombre de réponses
Votre historique - résultats
Vous n’avez pas pris ce quiz